000 00673nam a2200253Ia 4500
003 OSt
005 20221006142609.0
006 a|||||r|||| 00| 0
007 ta
008 221006b |||||||| |||| 00| 0 eng d
020 _a0520026527
_c
_12.50
024 _a6,718
037 _cTextual
040 _aEASL
_cEASL
_beng
041 _2eng
_aeng
082 _aY:6.470m58.N6, L5
100 _aMEHNERT Klaus
245 0 _aMoscow and the new left
260 _aBerkeley
_bUniversity of California Press
_c1975
300 _axii, 275p.
_ccm.
490 _v Oth
942 _hY:6.470m58.N6, L5
_cTEXL
_2CC
999 _c1074804
_d1074804